000 00657nam0a22002411 4500
001 rc\753487
005 20040301142426.4
035 _a(NLR Aleph) 006281700
090 _a7056475
_c7056475
100 _a20040301d1985 u |0rusy50 ca
101 0 _arus
102 _aRU
105 _aa |||||||||
200 1 _aПодземный электрослесарь
210 _aМ.
_cНедра
_d1985
215 _a94 с.
_cил.
_d20
225 1 _aКем быть?
700 1 _aГимельшейн
_bЛ. Я.
_gЛеонид Яковлевич
801 0 _aRU
_bNLR
_gpsbo
801 1 _aRU
_bELAR
_2rusmarc
852 _aNLR
_j85-4/37545
942 _cBOOK
980 _aNB